Statistiques concernant Harry Potter - Membres de l'Ordre du Phénix

Cliquez ici pour prendre le quiz!

Statistiques générales

  • Ce quiz a été pris 6 906 fois
    (6 813 depuis la dernière actualisation)
  • Le résultat moyen est 19 sur 34

Statistiques - réponses

PrénomNom% Correct
SiriusBlack
98%
AlbusDumbledore
96%
JamesPotter
92%
LilyPotter
92%
SeverusRogue
91%
PeterPettigrow
90%
FleurDelacour
89%
MinervaMcGonagall
87%
ArthurWeasley
86%
RubeusHagrid
86%
MollyWeasley
85%
RemusLupin
83%
BillWeasley
78%
NymphadoraTonks
76%
CharlieWeasley
75%
AlastorMaugrey
74%
AbelforthDumbledore
57%
MondingusFletcher
55%
AliceLondubat
54%
KingsleyShacklebolt
53%
FrankLondubat
46%
ElphiasDoge
40%
ArabellaFigg
32%
DedalusDiggle
29%
FabianPrewett
20%
EmmelineVance
18%
GideonPrewett
18%
SturgisPodmore
16%
MarleneMcKinnon
14%
HestiaJones
12%
DorcasMeadowes
10%
EdgarBones
10%
BenjyFenwick
9%
CaradocDearborn
8%

Distribution des résultats

Percentile par nombre de réponses

% des personnes avec chaque résultat

Votre développement - résultats

Vous n’avez pas pris ce quiz depuis la dernière actualisation